Catálogo

PREMIO NACIONAL DE CIENCIAS Y ARTES 1994 (Registro nro. 14470)

Detalles MARC
000 -LEADER
fixed length control field 00468nam a2200193 a 4500
001 - CONTROL NUMBER
control field 14470
003 - CONTROL NUMBER IDENTIFIER
control field Mx-PuUPA
005 - DATE AND TIME OF LATEST TRANSACTION
control field 20190815154014.0
008 - FIXED-LENGTH DATA ELEMENTS--GENERAL INFORMATION
fixed length control field 140415s1995 000 0 spa d
020 ## - INTERNATIONAL STANDARD BOOK NUMBER
International Standard Book Number 9682985218
040 ## - CATALOGING SOURCE
Transcribing agency Mx-PuUPA
041 ## - LANGUAGE CODE
Language code of text/sound track or separate title spa
082 ## - DEWEY DECIMAL CLASSIFICATION NUMBER
Classification number 001.44
Item number PRE
245 00 - TITLE STATEMENT
Title PREMIO NACIONAL DE CIENCIAS Y ARTES 1994
260 ## - PUBLICATION, DISTRIBUTION, ETC.
Place of publication, distribution, etc. [s.l.] :
Name of publisher, distributor, etc. SEP,
Date of publication, distribution, etc. 1995
300 ## - PHYSICAL DESCRIPTION
Extent 101
650 14 - SUBJECT ADDED ENTRY--TOPICAL TERM
Topical term or geographic name entry element PREMIOS
General subdivision NACIONAL DE CIENCIAS Y ARTES
942 ## - ADDED ENTRY ELEMENTS (KOHA)
Source of classification or shelving scheme Dewey Decimal Classification
Koha item type Libro
Existencias
Withdrawn status Lost status Source of classification or shelving scheme Damaged status Not for loan Collection code Home library Current library Shelving location Date acquired Source of acquisition Total Checkouts Full call number Barcode Price effective from Koha item type
    Dewey Decimal Classification     General Tehuacán Tehuacán Sala general 03/12/2013 Compra   '001.44 PRE 31676 03/12/2013 Reserva permanente